El primer descubrimiento de América: establecimiento de los vikingos en Islandia, Groenlandia y América

Saved in:
書目詳細資料
主要作者: Jones, Gwyn (Author)
格式: 圖書
語言:西班牙语
出版: Barcelona Occidente 1965
主題:
標簽: 添加標簽
沒有標簽, 成為第一個標記此記錄!

MARC

LEADER 00000nam a2200000 a 4500
001 UCO1131
003 CL-VaPUC
008 000512e19650000SP |||||||||||||||||spa|d
082 0 4 |a 973.1  |b JON  |2 21 
100 0 |a Jones, Gwyn  |e author  |9 442969 
245 1 3 |a El primer descubrimiento de América: establecimiento de los vikingos en Islandia, Groenlandia y América 
300 |a 319 p 
942 |c BK 
945 |d 20000512 00:00:00  |a crobeson 
260 |a Barcelona  |b Occidente  |c 1965 
650 7 |a HISTORIA ESTADOUNIDENSE  |2 CL-VaPUC  |9 350346 
650 0 |a Historia antigua  |9 267521 
650 7 |a DESCUBRIMIENTO Y EXPLORACIONES  |2 CL-VaPUC  |9 442970 
650 0 |a Vikingos  |9 338002 
651 0 |a Estados Unidos  |9 255178 
583 |a last modification  |c 20000512 00:00:00  |k Rodrigo Vera 
999 |c 287760  |d 287758 
952 |0 0  |1 0  |4 0  |6 973_100000000000000_JON_1965  |7 0  |8 A  |9 334793  |a BIBHIS  |b BIBHIS  |d 2019-11-20  |i 1273914  |l 1  |o 973.1 JON 1965  |p 1273914  |r 2025-01-20  |s 2024-08-06  |w 2019-11-20  |y BK  |k HIS